• 首页
  • 本馆介绍
  • 公告通知
  • 最新文献
  • 馆藏检索
  • 电子资源
  • 读者导购
  • 参考咨询
  • 我的图书馆
  • 登录
  • 详细信息显示
  • 放入我的书架
  • 预约/预借图书
  • 作者相关作品
  • 分类相关作品
  • 丛书相关作品
  • 出版社相关作品

书目信息

  • 表格格式
  • 工作单格式
  • 卡片格式
题名:
水力学
    
 
作者: ;华东水利学院 编
分册: 下册  
出版信息: 北京   科学出版社  1979
页数: 320页
开本: 19cm
丛书名:
单 册:
中图分类: TV13
科图分类:
主题词: 水力学--高等学校--教材
电子资源:
ISBN:
000 00576nam0 2200217 45
001 0179006916
005 20060802171042.70
010    @dCNY1.05
091    @a13031.844
100    @a19950727d1979 em y0chiy0121 ea
101 0  @achi
102    @aCN@b110000
105    @ay z 000yy
200 10 @a水力学@Ashui li xue@h下册@f华东水利学院编
210    @a北京@c科学出版社@d1979
215    @a320页@d19cm
606    @a水力学@x高等学校@x教材
690    @aTV13@v3
711 02 @a华东水利学院@Ahua dong shui li xue yuan@4编
801  0 @aCN@bTSSF@c20060802
905    @a10447@dTV13@e23:2
    
    水力学.下册/华东水利学院编.-北京:科学出版社,1979
    320页;19cm
    
    
    ISBN :CNY1.05
    
●
相关链接 在E读中查询图书 在五车中查询图书 在当当中查询图书 在豆瓣中查询图书


正题名:水力学     索取号:TV13/23:2         预约/预借

序号 登录号 条形码 馆藏地/架位号 状态 备注
1 0439568   204395680   密集书库/ [索取号:TV13/23:2] 在馆    
2 0439569   204395699   密集书库/ [索取号:TV13/23:2] 在馆    
唐山师范学院图书馆 欢迎您!
大连网信软件有限公司© 版权所有